000 00449nmm a2200169Ia 4500
008 251105s9999||||xx |||||||||||||||||und||
020 _a8488015712
041 _aspa
100 _aValdés, Daniel
245 0 _aBáilame el agua
264 _a[Madrid, España] :
_bCalambur,
_c2007
300 _a99 páginas
490 _aNarrativa
650 _aLatin American narrative
856 _uhttps://public.digitaliapublishing.com/a/875
942 _cCF
999 _c73848
_d73848